[Event "21st Varna it"]
[Site "Golden Sands BUL"]
[Date "1982.05.23"]
[Round "8"]
[White "Savon, Vladimir"]
[Black "Grigorov, Yordan"]
[Result "1/2-1/2"]
[WhiteElo "2485"]
[BlackElo "2360"]
[EventDate "1982.05.15"]
[PlyCount "57"]

1.Nf3 Nf6 2.g3 g6 3.Bg2 Bg7 4.d4 d5 5.c4 dxc4 6.Qa4+ Nfd7 7.Qxc4 Nb6 8.Qc2
Nc6 9.O-O Nxd4 10.Nxd4 Qxd4 11.Qxc7 Qc4 12.Qxc4 Nxc4 13.Nc3 Bd7 14.Rd1 
Bxc3 15.bxc3 O-O-O 16.Rd4 Nb6 17.a4 e5 18.Rb4 Bc6 19.Bg5 Rd6 20.a5 Nd5 21.
Rc4 f6 22.Bxd5 fxg5 23.Be4 Kd7 24.Rb1 Rb8 25.Kg2 Bxe4+ 26.Rxe4 Rd5 27.Ra4 
Rc5 28.Rb3 Kc6 29.Kh3 1/2-1/2

[Event "21st Varna it"]
[Site "Golden Sands BUL"]
[Date "1982.05.23"]
[Round "8"]
[White "Stefanov, Parik"]
[Black "Peev, Peicho"]
[Result "0-1"]
[WhiteElo "2350"]
[BlackElo "2370"]
[EventDate "1982.05.15"]
[PlyCount "110"]

1.Nf3 g6 2.e4 Bg7 3.d4 d6 4.c3 c6 5.Bd3 Nd7 6.O-O e5 7.Nbd2 Qc7 8.Re1 Ngf6
9.Nf1 O-O 10.Ng3 Re8 11.Bc2 Nf8 12.h3 h6 13.Be3 Kh7 14.Qd2 Be6 15.Rac1 
Rad8 16.Bb1 Bc8 17.c4 c5 18.d5 a5 19.Bc2 Bd7 20.a4 Ng8 21.Nh2 Bc8 22.Rf1 
Nd7 23.b3 Rf8 24.Bd1 Rde8 25.Bg4 b6 26.Rce1 Ngf6 27.Be2 Ng8 28.Bd3 Qd8 29.
Qc2 Qe7 30.Nf3 Nb8 31.Nd2 Nf6 32.Kh2 Rh8 33.Ne2 Kg8 34.g3 h5 35.f3 Bh6 36.
Bxh6 Rxh6 37.Ng1 Nh7 38.Kg2 Rf8 39.f4 h4 40.g4 exf4 41.e5 dxe5 42.Rxf4 f5 
43.gxf5 gxf5 44.Bxf5 Kh8 45.Ndf3 Qg7+ 46.Rg4 Bxf5 47.Rxg7 Bxc2 48.Rb7 e4 
49.Ne5 Rhf6 50.Ng4 R6f7 51.Rxb6 Nf6 52.Ne3 Bd3 53.Rb5 Nbd7 54.Rxa5 Nh5 55.
Ng4 Bf1+ 0-1

[Event "21st Varna it"]
[Site "Golden Sands BUL"]
[Date "1982.05.24"]
[Round "9"]
[White "Georgiev, Kiril"]
[Black "Savon, Vladimir"]
[Result "1/2-1/2"]
[WhiteElo "2380"]
[BlackElo "2485"]
[EventDate "1982.05.15"]
[PlyCount "114"]

1.d4 Nf6 2.c4 e6 3.Nf3 c5 4.Nc3 cxd4 5.Nxd4 Bb4 6.g3 Ne4 7.Qd3 Nxc3 8.bxc3
Be7 9.Bg2 d6 10.Ba3 a6 11.Rd1 Qc7 12.Nb3 O-O 13.Bxd6 Bxd6 14.Qxd6 Qxc4 15.
Qc5 Qxc5 16.Nxc5 Ra7 17.c4 b6 18.Rb1 Rc7 19.Rxb6 Rxc5 20.Rxb8 Rxc4 21.Rb2 
Rd8 22.O-O Kf8 23.f4 Ke7 24.Rf3 h6 25.Ra3 Rd7 26.Ra5 Rdc7 27.Kf2 R7c5 28.
Ra3 Rc3 29.Rbb3 Rxb3 30.axb3 a5 31.Ke3 e5 32.Bf3 Be6 33.fxe5 Rxe5+ 34.Kd4 
Rb5 35.Bc6 Rh5 36.h4 Kd6 37.Be4 Rb5 38.Bd3 Rd5+ 39.Kc3 Ke5 40.Ra4 Rc5+ 41.
Kb2 f5 42.Rf4 g5 43.Rf3 Kd4 44.Bc2 Re5 45.hxg5 hxg5 46.Rd3+ Kc5 47.Rc3+ 
Kd4 48.Rd3+ Kc5 49.Rc3+ Kd6 50.e3 Rb5 51.Ka3 Rb4 52.Bd1 Bd5 53.Rc8 Be4 54.
Rg8 g4 55.Rg6+ Ke7 56.Kb2 Rb5 57.Be2 Rc5 1/2-1/2

[Event "21st Varna it"]
[Site "Golden Sands BUL"]
[Date "1982.05.24"]
[Round "9"]
[White "Pokojowczyk, Jerzy"]
[Black "Donchev, Dimitar"]
[Result "1/2-1/2"]
[WhiteElo "2450"]
[BlackElo "2430"]
[EventDate "1982.05.15"]
[PlyCount "36"]

1.e4 c5 2.Nf3 Nc6 3.d4 cxd4 4.Nxd4 Nf6 5.Nc3 e5 6.Ndb5 d6 7.Bg5 a6 8.Na3 
b5 9.Nd5 Be7 10.Nxe7 Qxe7 11.c4 Nd4 12.f3 Qb7 13.Bd3 Be6 14.O-O b4 15.Nc2 
Nxc2 16.Qxc2 Nd7 17.Rfd1 Qb6+ 18.Kh1 f6 1/2-1/2

[Event "21st Varna it"]
[Site "Golden Sands BUL"]
[Date "1982.05.24"]
[Round "9"]
[White "Prandstetter, Eduard"]
[Black "Semkov, Semko"]
[Result "1-0"]
[WhiteElo "2410"]
[BlackElo "2395"]
[EventDate "1982.05.15"]
[PlyCount "133"]

1.e4 c5 2.Nf3 d6 3.d4 cxd4 4.Nxd4 Nf6 5.Nc3 g6 6.Be3 Bg7 7.f3 O-O 8.Qd2 
Nc6 9.Bc4 Bd7 10.h4 Rc8 11.Bb3 h5 12.O-O-O Ne5 13.Kb1 Nc4 14.Bxc4 Rxc4 15.
Nb3 Be6 16.Bd4 Qc7 17.g4 Kh7 18.gxh5 Nxh5 19.Bxg7 Kxg7 20.Rdg1 Rc8 21.f4 
Rxc3 22.bxc3 Qxc3 23.Qxc3+ Rxc3 24.f5 Bd7 25.fxg6 fxg6 26.Kb2 Rc4 27.Nd2 
Rb4+ 28.Kc3 Ra4 29.Kb3 Rd4 30.Rh2 Be6+ 31.c4 Rd3+ 32.Kc2 Ra3 33.Kb2 Re3 
34.Rc1 b6 35.Rc3 Re1 36.Ra3 a5 37.Rb3 Nf6 38.Rxb6 Ng4 39.Rg2 Ne3 40.Rg3 
Nxc4+ 41.Nxc4 Bxc4 42.h5 Rxe4 43.Rxg6+ Kf7 44.Rg2 Rh4 45.Kc3 Bd5 46.Rf2+ 
Ke6 47.Rb5 Rh3+ 48.Kb2 Rxh5 49.Rxa5 Ke5 50.a4 Kd4 51.Rd2+ Kc4 52.Rb5 e6 
53.Rc2+ Kd3 54.a5 Rh7 55.Rb4 e5 56.Rc3+ Kd2 57.a6 Ba8 58.Rb6 e4 59.Rxd6+ 
Ke2 60.Rd8 Ra7 61.Rcc8 Rxa6 62.Rxa8 Rb6+ 63.Kc3 Rf6 64.Rf8 Rd6 65.Rad8 Rh6
66.Rfe8 e3 67.Rd2+ 1-0

[Event "21st Varna it"]
[Site "Golden Sands BUL"]
[Date "1982.05.25"]
[Round "10"]
[White "Knezevic, Milorad"]
[Black "Grunberg, Hans-Ulrich"]
[Result "1/2-1/2"]
[WhiteElo "2465"]
[BlackElo "2450"]
[EventDate "1982.05.15"]
[PlyCount "29"]

1.d4 e6 2.Nf3 Nf6 3.Bf4 b6 4.e3 Bb7 5.Nbd2 Be7 6.h3 c5 7.c3 cxd4 8.exd4 d6
9.Be2 O-O 10.O-O Nbd7 11.Re1 a6 12.a4 Rc8 13.Bf1 Qc7 14.Bh2 Rfe8 15.Qc2 
1/2-1/2

[Event "21st Varna it"]
[Site "Golden Sands BUL"]
[Date "1982.05.25"]
[Round "10"]
[White "Savon, Vladimir"]
[Black "Nogueiras Santiago, Jesus"]
[Result "1/2-1/2"]
[WhiteElo "2485"]
[BlackElo "2495"]
[EventDate "1982.05.15"]
[PlyCount "35"]

1.e4 c5 2.Nf3 Nc6 3.d4 cxd4 4.Nxd4 Nf6 5.Nc3 e6 6.Ndb5 d6 7.Bf4 e5 8.Bg5 
a6 9.Na3 b5 10.Nd5 Qa5+ 11.Bd2 Qd8 12.c4 Nxe4 13.cxb5 Ne7 14.bxa6 Nxd5 15.
Qa4+ Bd7 16.Qxe4 Nf6 17.Qb7 Rb8 18.Qf3 1/2-1/2

[Event "21st Varna it"]
[Site "Golden Sands BUL"]
[Date "1982.05.25"]
[Round "10"]
[White "Semkov, Semko"]
[Black "Peev, Peicho"]
[Result "1-0"]
[WhiteElo "2395"]
[BlackElo "2370"]
[EventDate "1982.05.15"]
[PlyCount "71"]

1.d4 g6 2.c4 Bg7 3.Nf3 d6 4.g3 Nf6 5.Bg2 O-O 6.O-O Nc6 7.d5 Na5 8.Nbd2 c5 
9.Ne1 e6 10.Rb1 exd5 11.cxd5 b6 12.b4 cxb4 13.Nc2 Re8 14.Rxb4 Bb7 15.Ne3 
Rc8 16.Bb2 Ba6 17.Re1 Nb7 18.Qa1 Nc5 19.Rf4 Ncd7 20.Bh3 Ne5 21.Bxc8 Bxc8 
22.Nf3 Nh5 23.Ra4 a5 24.Nxe5 dxe5 25.Rd1 f5 26.d6 f4 27.Nf1 Re6 28.Qc1 Bd7
29.Qc7 Qe8 30.Rc4 b5 31.Rc5 fxg3 32.hxg3 Nf6 33.Qxa5 Ne4 34.Rc7 Nxd6 35.
Qa7 Nc8 36.Rdxd7 1-0

[Event "21st Varna it"]
[Site "Golden Sands BUL"]
[Date "1982.05.26"]
[Round "11"]
[White "Nogueiras Santiago, Jesus"]
[Black "Grigorov, Yordan"]
[Result "1/2-1/2"]
[WhiteElo "2495"]
[BlackElo "2360"]
[EventDate "1982.05.15"]
[PlyCount "41"]

1.d4 g6 2.c4 Bg7 3.Nc3 d6 4.Nf3 Nf6 5.e4 O-O 6.Be3 Nbd7 7.Nd2 c6 8.Be2 e5 
9.d5 a6 10.g4 cxd5 11.cxd5 b5 12.b4 Nb6 13.g5 Ne8 14.h4 Bd7 15.Rc1 Rb8 16.
h5 Nc7 17.a3 Qe7 18.Bg4 Rfc8 19.Qf3 Nc4 20.Nxc4 bxc4 21.hxg6 1/2-1/2

[Event "21st Varna it"]
[Site "Golden Sands BUL"]
[Date "1982.05.26"]
[Round "11"]
[White "Prandstetter, Eduard"]
[Black "Savon, Vladimir"]
[Result "1-0"]
[WhiteElo "2410"]
[BlackElo "2485"]
[EventDate "1982.05.15"]
[PlyCount "73"]

1.e4 c5 2.Nf3 d6 3.d4 cxd4 4.Nxd4 Nf6 5.Nc3 a6 6.Be2 e5 7.Nb3 Be7 8.O-O 
O-O 9.a4 Be6 10.f4 Nbd7 11.Kh1 Rc8 12.Be3 exf4 13.Rxf4 Ne8 14.Nd4 Bg5 15.
Nxe6 fxe6 16.Rxf8+ Nxf8 17.Nd5 Bxe3 18.Nxe3 Nf6 19.Qd4 e5 20.Qb4 Qc7 21.
Rd1 Rd8 22.c3 Kh8 23.Bf3 Ne6 24.Qc4 Qc5 25.Qxe6 Qxe3 26.Qe7 Qb6 27.a5 Qxa5
28.Qxb7 h6 29.h3 Qa4 30.Qb6 Re8 31.b3 Qa3 32.Kh2 Qc5 33.Rxd6 Qxc3 34.Rxf6 
gxf6 35.Qxf6+ Kg8 36.Qg6+ Kf8 37.Bh5 1-0

[Event "21st Varna it"]
[Site "Golden Sands BUL"]
[Date "1982.05.27"]
[Round "12"]
[White "Georgiev, Kiril"]
[Black "Nogueiras Santiago, Jesus"]
[Result "0-1"]
[WhiteElo "2380"]
[BlackElo "2495"]
[EventDate "1982.05.15"]
[PlyCount "84"]

1.d4 d5 2.c4 c6 3.Nf3 Nf6 4.Nc3 e6 5.Bg5 dxc4 6.e4 b5 7.e5 h6 8.Bh4 g5 9.
Nxg5 Nd5 10.Nf3 Qa5 11.Rc1 Bb4 12.Qd2 Nd7 13.Be2 c5 14.O-O Bb7 15.dxc5 
Nxc5 16.Qd4 Bxc3 17.bxc3 Na4 18.Nd2 Naxc3 19.Bf3 Qb6 20.Qg4 Kd7 21.Qg7 
Raf8 22.a4 Qd4 23.Rxc3 Qxc3 24.Ne4 Qxf3 25.gxf3 Rhg8 26.Nf6+ Nxf6 27.exf6 
b4 28.Rd1+ Bd5 29.Kf1 Rxg7 30.fxg7 Rg8 31.Bf6 c3 32.Ke2 c2 33.Rc1 b3 34.f4
e5 35.Bxe5 Ke6 36.Kd2 f6 37.Bd4 Rxg7 38.Kc3 Rc7+ 39.Kb2 Rc4 40.Be3 Rxa4 
41.Ra1 Rxa1 42.Kxa1 h5 0-1

[Event "21st Varna it"]
[Site "Golden Sands BUL"]
[Date "1982.05.27"]
[Round "12"]
[White "Grigorov, Yordan"]
[Black "Prandstetter, Eduard"]
[Result "1-0"]
[WhiteElo "2360"]
[BlackElo "2410"]
[EventDate "1982.05.15"]
[PlyCount "81"]

1.e4 e6 2.d4 d5 3.Nc3 Bb4 4.e5 c5 5.a3 Bxc3+ 6.bxc3 Qc7 7.Nf3 Ne7 8.h4 b6 
9.h5 h6 10.Rb1 cxd4 11.cxd4 Ba6 12.Bxa6 Nxa6 13.Qd3 Nb8 14.O-O Nd7 15.Bd2 
Rc8 16.Rfc1 Qc4 17.Qe3 a5 18.g4 Qa4 19.Ne1 Nc6 20.c3 Qxa3 21.f4 Qe7 22.Nf3
g6 23.hxg6 fxg6 24.Kg2 a4 25.c4 Nd8 26.cxd5 Rxc1 27.Rxc1 exd5 28.Qd3 Rg8 
29.Kf2 a3 30.f5 gxf5 31.gxf5 Qg7 32.Rg1 Qh7 33.Rxg8+ Qxg8 34.e6 Nf6 35.
Qb5+ Kf8 36.Bxh6+ Ke7 37.Qb4+ Ke8 38.Qa4+ Ke7 39.Qxa3+ Ke8 40.Qa4+ Ke7 41.
Bg5 1-0

[Event "21st Varna it"]
[Site "Golden Sands BUL"]
[Date "1982.05.27"]
[Round "12"]
[White "Knezevic, Milorad"]
[Black "Donchev, Dimitar"]
[Result "1/2-1/2"]
[WhiteElo "2465"]
[BlackElo "2430"]
[EventDate "1982.05.15"]
[PlyCount "30"]

1.d4 d5 2.c4 c6 3.e3 Nf6 4.Nf3 g6 5.Nc3 Bg7 6.Be2 O-O 7.O-O Nbd7 8.cxd5 
cxd5 9.b3 Nb8 10.Bb2 Nc6 11.Rc1 Bg4 12.h3 Bxf3 13.Bxf3 e6 14.Qe2 Qe7 15.
Rfd1 Rfc8 1/2-1/2

[Event "21st Varna it"]
[Site "Golden Sands BUL"]
[Date "1982.05.27"]
[Round "12"]
[White "Savon, Vladimir"]
[Black "Peev, Peicho"]
[Result "1-0"]
[WhiteElo "2485"]
[BlackElo "2370"]
[EventDate "1982.05.15"]
[PlyCount "61"]

1.e4 d6 2.d4 Nf6 3.Nc3 g6 4.Nf3 Bg7 5.Be2 O-O 6.O-O c6 7.a4 a5 8.Re1 Qc7 
9.e5 dxe5 10.Nxe5 Nfd7 11.Nf3 e5 12.d5 Nb6 13.d6 Qd8 14.Be3 Bg4 15.Nxe5 
Bxe5 16.Bxg4 Nc4 17.Bh6 Nxb2 18.Qf3 Bg7 19.Bxg7 Kxg7 20.Ne4 f5 21.Qc3+ Kh6
22.Qxb2 fxe4 23.Rxe4 Qxd6 24.Rd1 Qc5 25.Bf3 Rf7 26.Rh4+ Kg5 27.Qc1+ Kf6 
28.Rf4+ Ke7 29.Re1+ Kf8 30.Rxf7+ Kxf7 31.Qh6 1-0

[Event "21st Varna it"]
[Site "Golden Sands BUL"]
[Date "1982.05.27"]
[Round "12"]
[White "Semkov, Semko"]
[Black "Pokojowczyk, Jerzy"]
[Result "1/2-1/2"]
[WhiteElo "2395"]
[BlackElo "2450"]
[EventDate "1982.05.15"]
[PlyCount "81"]

1.d4 Nf6 2.c4 e6 3.Nc3 Bb4 4.e3 c5 5.Ne2 cxd4 6.exd4 d5 7.c5 Ne4 8.Bd2 
Nxd2 9.Qxd2 a5 10.a3 Bxc3 11.Nxc3 a4 12.Bb5+ Bd7 13.O-O O-O 14.f4 g6 15.
Rf3 Bc6 16.Kh1 Nd7 17.Bxc6 bxc6 18.Qc2 Qa5 19.g4 Nf6 20.Rg1 Qa6 21.Qf2 Ne4
22.Nxe4 dxe4 23.Rh3 f6 24.Qe1 Qc4 25.Qxe4 Rab8 26.Qxc6 Rxb2 27.f5 Re2 28.
fxg6 hxg6 29.Qd7 Qd5+ 30.Qxd5 exd5 31.Rc1 Rfe8 32.Rg3 R2e4 33.c6 Rxd4 34.
c7 Rc8 35.Rgc3 Rxg4 36.Rd1 Rg5 37.Rd4 Kf7 38.Rxa4 Ke7 39.Ra6 d4 40.Rc1 Rf5
41.Rac6 1/2-1/2

[Event "21st Varna it"]
[Site "Golden Sands BUL"]
[Date "1982.05.29"]
[Round "13"]
[White "Donchev, Dimitar"]
[Black "Semkov, Semko"]
[Result "1-0"]
[WhiteElo "2430"]
[BlackElo "2395"]
[EventDate "1982.05.15"]
[PlyCount "99"]

1.e4 c5 2.Nf3 d6 3.d4 cxd4 4.Nxd4 Nf6 5.Nc3 g6 6.Be3 Bg7 7.f3 O-O 8.Qd2 
Nc6 9.O-O-O d5 10.h4 dxe4 11.h5 Nxd4 12.Bxd4 e5 13.Bxe5 Qxd2+ 14.Rxd2 e3 
15.Rd3 Nxh5 16.Bxg7 Kxg7 17.Rxe3 Ng3 18.Rg1 Nxf1 19.Rxf1 h5 20.Ne2 Be6 21.
Nd4 Bd5 22.b3 Rfe8 23.Rfe1 Rxe3 24.Rxe3 Rd8 25.Rd3 Rd7 26.c4 Bc6 27.Kd2 
Rc7 28.b4 b6 29.Nxc6 Rxc6 30.Kc3 Kf6 31.c5 bxc5 32.b5 Re6 33.Rd2 Ke7 34.
Kc4 Rd6 35.Re2+ Kd7 36.Kxc5 Rd1 37.a4 Rb1 38.Rc2 Kc7 39.Kd5+ Kd7 40.Rc6 
Rd1+ 41.Ke5 Rd2 42.Ra6 Rxg2 43.Rxa7+ Kc8 44.Rxf7 h4 45.a5 h3 46.a6 h2 47.
a7 Ra2 48.b6 Ra5+ 49.Kd6 Ra6 50.Rf8+ 1-0

[Event "21st Varna it"]
[Site "Golden Sands BUL"]
[Date "1982.05.29"]
[Round "13"]
[White "Grunberg, Hans-Ulrich"]
[Black "Savon, Vladimir"]
[Result "1/2-1/2"]
[WhiteElo "2450"]
[BlackElo "2485"]
[EventDate "1982.05.15"]
[PlyCount "113"]

1.d4 Nf6 2.c4 e6 3.Nc3 Bb4 4.e3 c5 5.Ne2 cxd4 6.exd4 O-O 7.a3 Be7 8.d5 
exd5 9.cxd5 Bc5 10.b4 Bb6 11.h3 a5 12.b5 d6 13.Ng3 a4 14.Be2 Ba5 15.Bb2 
Nbd7 16.O-O Bxc3 17.Bxc3 Nc5 18.Rb1 Nfe4 19.Nxe4 Nxe4 20.Qd4 Nxc3 21.Qxc3 
Bf5 22.Rb4 Re8 23.Bg4 Bxg4 24.Rxg4 g6 25.Re1 Qb6 26.Rxe8+ Rxe8 27.Rxa4 
Qxb5 28.Qd4 Qe2 29.Rb4 b5 30.a4 bxa4 31.Rxa4 h5 32.h4 Qe1+ 33.Kh2 Qe5+ 34.
Qxe5 Rxe5 35.Ra5 Kg7 36.Kg3 Kf6 37.Kf3 Kf5 38.Rb5 f6 39.Kg3 Re4 40.f3 Rd4 
41.Ra5 Ke5 42.Ra8 Rxd5 43.Rg8 Kf5 44.Kf2 Rd2+ 45.Kf1 Rd4 46.g3 d5 47.Rd8 
Ke6 48.Rg8 Kf7 49.Rd8 Ke6 50.Rg8 Kf7 51.Rd8 g5 52.hxg5 fxg5 53.Ke2 h4 54.
gxh4 gxh4 55.Ke3 Rd1 56.Rh8 Rh1 57.Kf2 1/2-1/2

[Event "21st Varna it"]
[Site "Golden Sands BUL"]
[Date "1982.05.29"]
[Round "13"]
[White "Pokojowczyk, Jerzy"]
[Black "Garkov, Mitko"]
[Result "1/2-1/2"]
[WhiteElo "2450"]
[BlackElo "2375"]
[EventDate "1982.05.15"]
[PlyCount "29"]

1.e4 c5 2.Nf3 Nc6 3.d4 cxd4 4.Nxd4 g6 5.c4 Bg7 6.Be3 Nf6 7.Nc3 O-O 8.Be2 
b6 9.O-O Bb7 10.f3 Rc8 11.Rc1 Nxd4 12.Bxd4 Bh6 13.Rc2 Nh5 14.Re1 f5 15.Bf1
1/2-1/2

[Event "21st Varna it"]
[Site "Golden Sands BUL"]
[Date "1982.05.29"]
[Round "13"]
[White "Prandstetter, Eduard"]
[Black "Georgiev, Kiril"]
[Result "0-1"]
[WhiteElo "2410"]
[BlackElo "2380"]
[EventDate "1982.05.15"]
[PlyCount "85"]

1.e4 c5 2.Nf3 d6 3.d4 cxd4 4.Nxd4 Nf6 5.Nc3 a6 6.Be2 e6 7.O-O Be7 8.f4 O-O
9.Be3 Qc7 10.Qe1 b5 11.Bf3 Bb7 12.e5 dxe5 13.fxe5 Ne8 14.Qg3 Nd7 15.Bxb7 
Qxb7 16.Qf3 Qxf3 17.Nxf3 Nc7 18.Rad1 Rfd8 19.Rd3 b4 20.Na4 Nd5 21.Bf2 Rac8
22.Rd2 Rc7 23.Bd4 Rdc8 24.c3 a5 25.g3 h6 26.Rfd1 Nc5 27.Nxc5 Bxc5 28.Bxc5 
Rxc5 29.cxb4 axb4 30.a3 bxa3 31.bxa3 g5 32.Rd4 Ra5 33.R1d3 Rc1+ 34.Kg2 
Rc2+ 35.Kh3 Kg7 36.Rb3 Ra2 37.Rdd3 Kg6 38.Nd2 h5 39.Rb8 Ne7 40.Re8 g4+ 41.
Kg2 Rd5 42.Rd8 Rxd8 43.Rxd8 0-1

[Event "21st Varna it"]
[Site "Golden Sands BUL"]
[Date "1982.05.29"]
[Round "13"]
[White "Stefanov, Parik"]
[Black "Knezevic, Milorad"]
[Result "1/2-1/2"]
[WhiteElo "2350"]
[BlackElo "2465"]
[EventDate "1982.05.15"]
[PlyCount "34"]

1.e4 e5 2.Nf3 Nc6 3.d4 exd4 4.Nxd4 d6 5.Nc3 Nf6 6.Be2 Be7 7.O-O O-O 8.Be3 
Re8 9.f3 a6 10.Qd2 h6 11.Nxc6 bxc6 12.Bc4 Be6 13.Bb3 Nd7 14.Rad1 Bf6 15.
Bd4 Bxd4+ 16.Qxd4 Qf6 17.Qxf6 Nxf6 1/2-1/2